Maják /
Novela české autorky vypráví příběh o rodinném tajemství, vině a trestu, o druhých šancích, důležitosti odpuštění a přijetí odpovědnosti za vlastní život.
Uloženo v:
| Hlavní autor: | |
|---|---|
| Médium: | E-kniha |
| Jazyk: | Czech |
| Vydáno: |
V Praze :
Pointa,
2022
|
| Vydání: | První vydání |
| Témata: | |
| Tagy: |
Žádné tagy |
| LEADER | 02034nam a2200373 i 4500 | ||
|---|---|---|---|
| 001 | 311615 | ||
| 003 | CZ PrSKC | ||
| 005 | 20260601215708.0 | ||
| 007 | ta | ||
| 008 | 220801s2022 xr g 000 j cze | ||
| 015 | |a cnb003439359 | ||
| 020 | |a 9788076507883 |q (brožováno) : |c Kč 289,00 | ||
| 035 | |a (OCoLC)1344360232 | ||
| 040 | |a ABG001 |b cze |d ABA001 |e rda | ||
| 072 | 7 | |a 821.162.3-3 |x Česká próza |2 Konspekt | |
| 080 | |a 821.162.3-32 |2 MRF | ||
| 080 | |a (0:82-32) |2 MRF | ||
| 100 | 1 | |a Martincová, Zdeňka |7 xx0269833 |4 aut | |
| 245 | 1 | 0 | |a Maják / |c Zdeňka Martincová |
| 250 | |a První vydání | ||
| 264 | 1 | |a V Praze : |b Pointa, |c 2022 | |
| 300 | |a 125 stran ; |c 20 cm | ||
| 336 | |a text |b txt |2 rdacontent | ||
| 337 | |a bez média |b n |2 rdamedia | ||
| 338 | |a svazek |b nc |2 rdacarrier | ||
| 520 | 2 | |a Novela české autorky vypráví příběh o rodinném tajemství, vině a trestu, o druhých šancích, důležitosti odpuštění a přijetí odpovědnosti za vlastní život. |b Viktorie Hrzánová to v životě neměla jednoduché. Ztratila oba rodiče, matka si navíc do hrobu vzala i důležité rodinné tajemství. Jediný člověk, který ví, co se před lety odehrálo, za své činy právě pyká. A tak se Viktorie rozhodne nastoupit do mužské věznice jako psycholožka, aby se setkala tváří v tvář s mužem, který zničil její rodinu. Je ale připravená poznat pravdu? Nakladatelská anotace. | |
| 655 | 7 | |a české novely |7 fd133969 |2 czenas | |
| 655 | 9 | |a Czech novellas |2 eczenas | |
| 900 | |a ABA001 |b 19 | ||
| 928 | 9 | |a Albatros Media - Pointa | |
| 044 | |a xr | ||
| 910 | |a RBIT002 | ||
| 998 | |d 357272 |a https://core.palmknihy.cz/api/books/357272/cover?si6moi |b https://core.palmknihy.cz/api/books/357272/cover/400?si6moi |c https://core.palmknihy.cz/api/books/357272/cover/50?si6moi |e 2026-11-25 |g 128 |i 9788076507883 |j https://core.palmknihy.cz/api/books/357272/preview.epub |k https://core.palmknihy.cz/api/books/357272/preview.pdf |l |q 49 |r 1 |s https://www.palmknihy.cz/kniha/357272 |t ebook |y 2022 |z 0 | ||
| 999 | |d 311613 | ||